K zákonu o sociálnom fonde

Zákon NR SR č.152/1994 Z.z. schválený 31.5.1994 s účinnosťou od 1.9.1994. Všeobecné zásady sociálneho fondu. Tvorba fondu u zamestnávateľa, ktorého predmet činnosti je zameraný na dosiahnutie zisku, a u ostatných zamestnávateľov. Použitie fondu. Zmeny a doplnky zákonov (zákon č.286/1992 Zb. o daniac...

ver descrição completa

Na minha lista:
Detalhes bibliográficos
Autor principal: Vladárová, Marta
Formato: Capítulo de Livro
Idioma:eslovaco
Assuntos:
Tags: Adicionar Tag
Sem tags, seja o primeiro a adicionar uma tag!

MARC

LEADER 00000naa a2200000 4500
001 r015782
005 20221213113751.4
041 0 |a slo 
044 |a SK 
245 1 0 |a K zákonu o sociálnom fonde  |c Marta Vladárová 
520 |a Zákon NR SR č.152/1994 Z.z. schválený 31.5.1994 s účinnosťou od 1.9.1994. Všeobecné zásady sociálneho fondu. Tvorba fondu u zamestnávateľa, ktorého predmet činnosti je zameraný na dosiahnutie zisku, a u ostatných zamestnávateľov. Použitie fondu. Zmeny a doplnky zákonov (zákon č.286/1992 Zb. o daniach z príjmov v platnom znení). Nedoriešené problémy. - O zdaňovaní príjmov z tohto fondu príspevok na s.22-23. 
610 2 0 |a fondy podnikové podporné 
610 2 0 |a zákony 
610 2 0 |a Slovensko 
610 2 0 |a 1994 
610 2 0 |a komentáre 
100 1 |a Vladárová, Marta